00330nam a2200121Ia 4500008004100000040001600041041001200057082001700069100002200086245005300108260003600161300001100197230917s9999||||xx |||||||||||||| ||und|| e38171aMAIN aEnglish a823.09 K146R aKarl, Frederick R 0aReaders guide to the contemporary: English novel aLondonbThames and Hudsonc1964 a304 p.